Statistics for Cowboy Carter Songs

Click here to take the quiz!

General Stats

  • This quiz has been taken 54 times
  • The average score is 18 of 27

Answer Stats

Answer% Correct
AMERIICAN REQUIEM
95%
BLACKBIIRD
86%
JOLENE
86%
AMEN
82%
BODYGUARD
82%
DOLLY P
77%
PROTECTOR
77%
SMOKE HOUR WILLIE NELSON
77%
TEXAS HOLD 'EM
77%
16 CARRIAGES
73%
YA YA
73%
DAUGHTER
68%
II MOST WANTED
68%
SPAGHETTII
68%
TYRANT
68%
II HANDS II HEAVEN
64%
LEVII'S JEANS
64%
RIIVERDANCE
64%
SWEET HONEY BUCKIN'
64%
JUST FOR FUN
59%
MY ROSE
59%
THE LINDA MARTELL SHOW
59%
DESERT EAGLE
55%
OH LOUISIANA
55%
FLAMENCO
50%
SMOKE HOUR II
50%
ALLIIGATOR TEARS
41%

Score Distribution

Percentile by Number Answered

Percent of People with Each Score

Your Score History

You have not taken this quiz